[Event "Heusenstamm Sparkassen op-A 6th"]
[Site "Heusenstamm"]
[Date "2019.11.23"]
[Round "5"]
[White "Gentner, Markus"]
[Black "Baumgarten, Fred"]
[Result "1-0"]
[WhiteElo "1979"]
[BlackElo "1668"]
[PlyCount "41"]
[EventDate "2019.11.21"]
[EventType "swiss"]
[EventRounds "7"]
[EventCountry "GER"]
[SourceTitle "CBM 194 Extra"]
[Source "ChessBase"]
[SourceDate "2020.03.31"]
[SourceVersion "1"]
[SourceVersionDate "2020.03.31"]
[SourceQuality "1"]

1. Nf3 Nf6 2. c4 g6 3. Nc3 Bg7 4. e4 d6 5. d4 0-0 6. h3 e5 7. d5 h6 8. Be3 Kh7 9. Be2 Nbd7 10. Qc2 a5 11. g4 b6 12. Nd2 Rh8 13. 0-0-0 Nc5 14. g5 Nh5 15. Bxh5 gxh5 16. Rdg1 Rg8 17. Nf3 Qf8 18. Nb5 Na6 19. Qd2 Bd7 20. gxh6 Bxh6 21. Bxh6 1-0

[Event "Wiesbaden op 31st"]
[Site "Wiesbaden"]
[Date "2019.08.25"]
[Round "6"]
[White "Gentner, Markus"]
[Black "Merges, Harald"]
[Result "1-0"]
[WhiteElo "2001"]
[BlackElo "1797"]
[PlyCount "59"]
[EventDate "2019.08.22"]
[EventType "swiss"]
[EventRounds "7"]
[EventCountry "GER"]
[SourceTitle "EXT 2020"]
[Source "ChessBase"]
[SourceDate "2019.10.17"]
[SourceVersion "1"]
[SourceVersionDate "2019.10.17"]
[SourceQuality "1"]

1. Nf3 Nf6 2. c4 e6 3. g3 c6 4. Bg2 d5 5. 0-0 Bd6 6. b3 0-0 7. Bb2 Nbd7 8. Nc3 Re8 9. Qc2 a6 10. a4 b6 11. d3 Bb7 12. e4 dxe4 13. dxe4 Qe7 14. Rad1 e5 15. Nh4 g6 16. Qd2 Bc5 17. Qg5 Qf8 18. Nf5 Kh8 19. Nh6 Rad8 20. Ne2 Qe7 21. Rd3 b5 22. Rfd1 Bb6 23. Kf1 Bc7 24. Bh3 Bc8 25. Bg2 Ng8 26. Qxe7 Rxe7 27. Ba3 Rde8 28. Nxg8 Kxg8 29. Bxe7 Rxe7 30. Bh3 1-0

[Event "Wiesbaden op 31st"]
[Site "Wiesbaden"]
[Date "2019.08.24"]
[Round "4"]
[White "Gentner, Markus"]
[Black "Meyer, Marcel"]
[Result "1-0"]
[WhiteElo "2001"]
[BlackElo "1770"]
[PlyCount "81"]
[EventDate "2019.08.22"]
[EventType "swiss"]
[EventRounds "7"]
[EventCountry "GER"]
[SourceTitle "EXT 2020"]
[Source "ChessBase"]
[SourceDate "2019.10.17"]
[SourceVersion "1"]
[SourceVersionDate "2019.10.17"]
[SourceQuality "1"]

1. Nf3 d5 2. c4 c6 3. g3 Bg4 4. Qb3 Qb6 5. Qxb6 axb6 6. cxd5 Bxf3 7. exf3 cxd5 8. Nc3 e6 9. Nb5 Na6 10. b3 Nf6 11. Bb2 Rc8 12. a3 Be7 13. b4 0-0 14. Be2 Ne8 15. 0-0 Nd6 16. Nxd6 Bxd6 17. Bd4 Bc7 18. Rfc1 e5 19. Rc2 exd4 20. Bxa6 Be5 21. Rxc8 Rxc8 22. Bxb7 Rd8 23. Re1 Bf6 24. Bxd5 Kf8 25. Bc6 Be7 26. Bb7 Bf6 27. Rc1 Rd6 28. d3 g5 29. Kf1 h5 30. Ke2 Kg7 31. Rc8 Rd8 32. Rc6 Re8+ 33. Kd2 Re6 34. Rc8 Rd6 35. a4 Bd8 36. Kc2 h4 37. Kb3 hxg3 38. fxg3 Kf6 39. Kc4 Ke6 40. Kb5 Be7 41. a5 1-0

[Event "Wiesbaden op 30th"]
[Site "Wiesbaden"]
[Date "2018.08.25"]
[Round "4"]
[White "Milov, Leonid"]
[Black "Gentner, Markus"]
[Result "1-0"]
[WhiteElo "2469"]
[BlackElo "1953"]
[PlyCount "85"]
[EventDate "2018.08.23"]
[EventType "swiss"]
[EventRounds "7"]
[EventCountry "GER"]
[SourceTitle "CBM 186 Extra"]
[Source "ChessBase"]
[SourceDate "2018.08.24"]
[SourceVersion "1"]
[SourceVersionDate "2018.08.24"]
[SourceQuality "1"]

1. e4 c6 2. Nf3 d5 3. Nc3 dxe4 4. Nxe4 Nf6 5. Qe2 Bf5 6. Nxf6+ gxf6 7. d3 e6 8. Bd2 Nd7 9. Nh4 Bg6 10. g3 Qb6 11. Rb1 Bb4 12. c3 Bd6 13. Nxg6 hxg6 14. Bg2 Qa6 15. a3 Kf8 16. Be3 Kg7 17. 0-0 Qb5 18. b4 Qf5 19. f4 e5 20. Be4 Qh3 21. f5 Rac8 22. Qg2 b6 23. Qxh3 Rxh3 24. Kg2 Rhh8 25. c4 Rc7 26. Rfc1 Be7 27. h4 Rhc8 28. g4 Rh8 29. Rh1 gxf5 30. gxf5 Rcc8 31. Kf3 Kf8 32. h5 Ke8 33. a4 Nf8 34. a5 Bd8 35. axb6 axb6 36. Ra1 Nh7 37. Ra8 Rxa8 38. Bxc6+ Kf8 39. Bxa8 Ng5+ 40. Ke2 Kg7 41. Bd5 Be7 42. b5 Rb8 43. Ra1 1-0

[Event "Wiesbaden op 29th"]
[Site "Wiesbaden"]
[Date "2017.08.27"]
[Round "6"]
[White "Everett, Elijah David"]
[Black "Gentner, Markus"]
[Result "1-0"]
[WhiteElo "2168"]
[BlackElo "2010"]
[PlyCount "143"]
[EventDate "2017.08.24"]
[EventType "swiss"]
[EventRounds "7"]
[EventCountry "GER"]
[SourceTitle "CBM 180 Extra"]
[Source "ChessBase"]
[SourceDate "2017.10.06"]
[SourceVersion "1"]
[SourceVersionDate "2017.10.06"]
[SourceQuality "1"]

1. e4 c6 2. d4 d5 3. Nd2 dxe4 4. Nxe4 Nf6 5. Nxf6+ exf6 6. c3 Bd6 7. Bd3 0-0 8. Qc2 Re8+ 9. Ne2 h6 10. Be3 Qc7 11. 0-0-0 Be6 12. c4 Na6 13. a3 c5 14. Kb1 Bg4 15. h3 cxd4 16. Bxd4 Be6 17. Be3 Nc5 18. Bh7+ Kh8 19. Nd4 a6 20. Bf5 Be5 21. Rhe1 Rac8 22. Nxe6 Nxe6 23. c5 g6 24. Bxe6 Rxe6 25. Bxh6 Kh7 26. Be3 b6 27. Rd5 Bf4 28. Qd2 bxc5 29. Rd7 Qe5 30. Rxf7+ Kg8 31. Qd7 Rc7 32. Rg7+ Kh8 33. Rh7+ Kg8 34. Rg7+ Kh8 35. Qxc7 Qf5+ 36. Ka1 Bxc7 37. Rxc7 Qd5 38. g3 c4 39. Rc1 Re4 40. h4 Kg8 41. Rc5 Qd3 42. Rc6 Kf7 43. Rxa6 Qd5 44. Rc3 Re8 45. Ra7+ Re7 46. Rxe7+ Kxe7 47. Ka2 Kd7 48. a4 Ke6 49. Bb6 Kf5 50. a5 Kg4 51. Ka3 Qb5 52. b3 cxb3 53. Rxb3 Qc6 54. a6 Qc1+ 55. Kb4 f5 56. a7 Qc6 57. Be3 f4 58. gxf4 Qb7+ 59. Kc4 Qa6+ 60. Kd5 Qa2 61. Ke5 Qa1+ 62. Bd4 Qa5+ 63. Ke6 Qf5+ 64. Ke7 Qe4+ 65. Be5 Qa8 66. Ra3 Qb7+ 67. Kf6 Qa8 68. Kg7 Kh5 69. Kh7 Qb7+ 70. Bg7 Qa8 71. Ra6 Kxh4 72. Kxg6 1-0

[Event "Wiesbaden op 28th"]
[Site "Wiesbaden"]
[Date "2016.08.28"]
[Round "6"]
[White "Flach, Helene"]
[Black "Gentner, Markus"]
[Result "0-1"]
[WhiteElo "1712"]
[BlackElo "2005"]
[PlyCount "126"]
[EventDate "2016.08.25"]
[EventType "swiss"]
[EventRounds "7"]
[EventCountry "GER"]
[SourceTitle "CBM 174 Extra"]
[Source "ChessBase"]
[SourceDate "2016.10.10"]
[SourceVersion "1"]
[SourceVersionDate "2016.10.10"]
[SourceQuality "1"]

1. e4 c6 2. d4 d5 3. Nc3 dxe4 4. Nxe4 Nf6 5. Nxf6+ gxf6 6. c3 Bf5 7. Nf3 Qc7 8. g3 e6 9. Bg2 Bg4 10. 0-0 Nd7 11. Re1 0-0-0 12. Be3 Qa5 13. Qd2 Qh5 14. Nh4 Ne5 15. Qc2 Nf3+ 16. Nxf3 Bxf3 17. Bf4 Bxg2 18. Kxg2 Rg8 19. Qe2 Qg6 20. a4 h5 21. h4 Rd5 22. Kh2 Rf5 23. Rg1 Be7 24. b4 Bd8 25. b5 c5 26. Qc4 Be7 27. Be3 Qg4 28. Raf1 Bd6 29. f4 b6 30. a5 Kc7 31. a6 Kb8 32. Qd3 Rc8 33. Bf2 c4 34. Qe4 Rc7 35. Rb1 Qg6 36. Rge1 Qg4 37. Rg1 Qg8 38. Rgf1 Qe8 39. Ra1 Rxb5 40. Qf3 Qc6 41. Qe2 Rc8 42. Be1 Rg8 43. Rf2 Qd5 44. Qd1 Qf5 45. Qf3 Rd5 46. Rb2 Qg4 47. Qe4 Rc8 48. Qg2 Kc7 49. Qf1 Kd7 50. Ra4 Qd1 51. Raa2 b5 52. Rd2 Qg4 53. Rdb2 Rb8 54. Ra1 Rf5 55. Qg2 e5 56. fxe5 fxe5 57. dxe5 Bxe5 58. Kg1 Qf3 59. Qxf3 Rxf3 60. Kg2 Rd3 61. Rd2 Rxd2+ 62. Bxd2 b4 63. Rb1 b3 0-1

[Event "Wiesbaden op 28th"]
[Site "Wiesbaden"]
[Date "2016.08.28"]
[Round "7"]
[White "Gentner, Markus"]
[Black "Henrich, David"]
[Result "0-1"]
[WhiteElo "2005"]
[BlackElo "2178"]
[PlyCount "178"]
[EventDate "2016.08.25"]
[EventType "swiss"]
[EventRounds "7"]
[EventCountry "GER"]
[SourceTitle "CBM 174 Extra"]
[Source "ChessBase"]
[SourceDate "2016.10.10"]
[SourceVersion "1"]
[SourceVersionDate "2016.10.10"]
[SourceQuality "1"]

1. Nf3 d6 2. d4 Nf6 3. c4 g6 4. Nc3 Bg7 5. e4 0-0 6. Be2 e5 7. dxe5 dxe5 8. Qxd8 Rxd8 9. Bg5 Re8 10. 0-0-0 h6 11. Bh4 Na6 12. Nd2 b6 13. f3 Nh5 14. Rhe1 Nf4 15. Bf1 g5 16. Bf2 Nb4 17. Nb3 c5 18. Nd5 Nfxd5 19. a3 Na2+ 20. Kc2 Ndb4+ 21. Kb1 Be6 22. Rd2 Red8 23. Red1 Rxd2 24. Rxd2 Bf8 25. Be3 a5 26. axb4 Nxb4 27. Nc1 Be7 28. Na2 Nxa2 29. Kxa2 b5 30. Kb1 b4 31. g4 a4 32. Be2 b3 33. Bd3 Rb8 34. Rd1 Kf8 35. Rc1 f6 36. Be2 Kg7 37. Bd3 Rh8 38. Bf1 h5 39. h3 hxg4 40. fxg4 Rd8 41. Be2 Bf7 42. Rc3 Bg6 43. Bf3 Kf7 44. Kc1 Rd7 45. Kb1 Ke8 46. Kc1 Kd8 47. Bf2 Kc7 48. Re3 Kc6 49. Re1 Bd8 50. Rd1 Rxd1+ 51. Kxd1 Bf7 52. Be2 Kb6 53. Kc1 Be7 54. Be1 Ka6 55. Bf2 Bd6 56. Be3 Be6 57. Bd3 Ka5 58. Bd2+ Kb6 59. Be3 Bc7 60. Bd2 Kc6 61. Bc3 Bb6 62. Be2 Kb7 63. Kd2 Ka6 64. Bd3 Bf7 65. Be2 Bd8 66. Bd3 Bg6 67. Bb1 Bc7 68. Bd3 Bf7 69. Be2 Be6 70. Bd3 Kb7 71. Be2 Kc8 72. Bd3 Kd8 73. Ke2 Ke7 74. Kf3 Ke8 75. Ke3 Bc8 76. Kd2 Bb7 77. Bb1 Kf7 78. Ke3 Kg6 79. Kf3 Kh6 80. Bd2 Kg6 81. Bc3 Kg7 82. Bd3 Bc6 83. Ke3 Be8 84. Kf2 f5 85. gxf5 Bh5 86. Be2 Bxe2 87. Kxe2 Kh6 88. Kf3 Kh5 89. Kg3 Ba5 0-1

[Event "Forchheim op-A 14th"]
[Site "Forchheim"]
[Date "2015.10.02"]
[Round "1"]
[White "Ulusoy, Tolga"]
[Black "Gentner, Markus"]
[Result "0-1"]
[WhiteElo "2084"]
[BlackElo "2021"]
[PlyCount "48"]
[EventDate "2015.10.02"]
[EventType "swiss"]
[EventRounds "5"]
[EventCountry "GER"]
[SourceTitle "EXT 2019"]
[Source "ChessBase"]
[SourceDate "2018.10.10"]
[SourceVersion "1"]
[SourceVersionDate "2018.10.10"]
[SourceQuality "1"]

1. e4 c6 2. d4 d5 3. e5 c5 4. dxc5 Nc6 5. Bb5 e6 6. Be3 Nge7 7. f4 Bd7 8. Bxc6 Bxc6 9. c3 d4 10. Qe2 dxe3 11. Nf3 Nd5 12. g3 Bxc5 13. 0-0 a5 14. Na3 Nxc3 15. bxc3 Bxa3 16. Qxe3 Qd5 17. Kg2 Bc5 18. Qe2 Qe4 19. Qb2 Rd8 20. Rae1 Qd3 21. Re2 0-0 22. g4 Qc4 23. Kg3 Rd3 24. g5 Qd5 0-1

[Event "Hoersching op 3rd"]
[Site "Hoersching"]
[Date "2015.09.05"]
[Round "6"]
[White "Berger, Stefan"]
[Black "Gentner, Markus"]
[Result "0-1"]
[WhiteElo "1976"]
[BlackElo "2095"]
[PlyCount "50"]
[EventDate "2015.08.31"]
[EventType "swiss"]
[EventRounds "7"]
[EventCountry "AUT"]
[SourceTitle "EXT 2016"]
[Source "ChessBase"]
[SourceDate "2015.10.08"]
[SourceVersion "1"]
[SourceVersionDate "2015.10.08"]
[SourceQuality "1"]

1. d4 d5 2. c4 c6 3. Nf3 Nf6 4. e3 e6 5. Bd3 Nbd7 6. 0-0 a6 7. Nbd2 dxc4 8. Nxc4 b5 9. Nce5 c5 10. Ng5 Nxe5 11. dxe5 Nd5 12. e4 Nb4 13. Bxb5+ axb5 14. Qxd8+ Kxd8 15. Nxf7+ Ke8 16. Nxh8 Be7 17. Bd2 Nd3 18. f4 c4 19. Rf3 Kf8 20. Bc3 Bc5+ 21. Kf1 Kg8 22. f5 b4 23. Bd2 Nxe5 24. Rf4 Ba6 25. Be1 c3# 0-1

[Event "Hoersching op 3rd"]
[Site "Hoersching"]
[Date "2015.09.02"]
[Round "3"]
[White "Gentner, Markus"]
[Black "Schobesberger, Alexander"]
[Result "1-0"]
[WhiteElo "2095"]
[BlackElo "1840"]
[PlyCount "53"]
[EventDate "2015.08.31"]
[EventType "swiss"]
[EventRounds "7"]
[EventCountry "AUT"]
[SourceTitle "EXT 2016"]
[Source "ChessBase"]
[SourceDate "2015.10.08"]
[SourceVersion "1"]
[SourceVersionDate "2015.10.08"]
[SourceQuality "1"]

1. d4 Nf6 2. c4 g6 3. Nc3 Bg7 4. e4 d6 5. Nf3 0-0 6. Be2 e5 7. 0-0 Nc6 8. d5 Ne7 9. Ne1 Nd7 10. Be3 f5 11. f3 f4 12. Bf2 g5 13. Nd3 h5 14. c5 Rf6 15. Rc1 a6 16. Qb3 Rg6 17. c6 Nb6 18. a4 g4 19. a5 g3 20. Bxb6 gxh2+ 21. Kh1 cxb6 22. Qxb6 Qxb6 23. axb6 bxc6 24. dxc6 Nxc6 25. Nd5 Nd4 26. Ne7+ Kf7 27. Rxc8 1-0

[Event "Forchheim op-B 13th"]
[Site "Forchheim"]
[Date "2014.10.04"]
[Round "3"]
[White "Gentner, Markus"]
[Black "Scheuerer, Werner"]
[Result "1-0"]
[WhiteElo "1988"]
[BlackElo "1936"]
[PlyCount "59"]
[EventDate "2014.10.03"]
[EventType "swiss"]
[EventRounds "5"]
[EventCountry "GER"]
[SourceTitle "EXT 2019"]
[Source "ChessBase"]
[SourceDate "2018.10.10"]
[SourceVersion "1"]
[SourceVersionDate "2018.10.10"]
[SourceQuality "1"]

1. Nf3 f5 2. e4 fxe4 3. Ng5 Nf6 4. d3 e6 5. dxe4 h6 6. Nh3 e5 7. Bc4 d6 8. Ng1 Qe7 9. Nc3 Bg4 10. Nge2 Be6 11. Bb3 Bxb3 12. axb3 Nc6 13. 0-0 Qf7 14. Qd3 Rd8 15. Nd5 a6 16. Bd2 Nxd5 17. exd5 Ne7 18. Nc3 Qf5 19. Ne4 Qf7 20. c4 Ng6 21. g3 Be7 22. f4 Bf6 23. fxe5 dxe5 24. Rf2 Ne7 25. Raf1 Ng8 26. Bb4 b6 27. Qe3 Qg6 28. Nxf6+ gxf6 29. Rxf6 Nxf6 30. Qxe5+ 1-0

[Event "Forchheim op-B 13th"]
[Site "Forchheim"]
[Date "2014.10.03"]
[Round "2"]
[White "Gebhardt, Christian"]
[Black "Gentner, Markus"]
[Result "1/2-1/2"]
[WhiteElo "1845"]
[BlackElo "1988"]
[PlyCount "64"]
[EventDate "2014.10.03"]
[EventType "swiss"]
[EventRounds "5"]
[EventCountry "GER"]
[SourceTitle "EXT 2019"]
[Source "ChessBase"]
[SourceDate "2018.10.10"]
[SourceVersion "1"]
[SourceVersionDate "2018.10.10"]
[SourceQuality "1"]

1. e4 c6 2. d4 d5 3. Nc3 dxe4 4. Nxe4 Nf6 5. Nxf6+ gxf6 6. Bc4 Bf5 7. Nf3 Qc7 8. 0-0 e6 9. Qe2 Nd7 10. Nh4 Bg6 11. f4 0-0-0 12. f5 Bd6 13. h3 exf5 14. Nxf5 Bxf5 15. Rxf5 Rde8 16. Qf1 Nb6 17. Bb3 Re7 18. Rxf6 Nd5 19. Bxd5 cxd5 20. Bg5 Bh2+ 21. Kh1 Rg8 22. Qf5+ Kb8 23. Rf1 Bg3 24. Rh6 Re2 25. Rxh7 Rge8 26. Rxf7 Qxc2 27. Qd7 Qc8 28. Qxc8+ Kxc8 29. Rf8 Rxf8 30. Rxf8+ Kd7 31. Kg1 Re1+ 32. Rf1 Bh2+ 1/2-1/2

[Event "Forchheim op-B 13th"]
[Site "Forchheim"]
[Date "2014.10.03"]
[Round "1"]
[White "Gentner, Markus"]
[Black "Unkelbach, Manfred"]
[Result "1/2-1/2"]
[WhiteElo "1988"]
[BlackElo "1926"]
[PlyCount "87"]
[EventDate "2014.10.03"]
[EventType "swiss"]
[EventRounds "5"]
[EventCountry "GER"]
[SourceTitle "EXT 2019"]
[Source "ChessBase"]
[SourceDate "2018.10.10"]
[SourceVersion "1"]
[SourceVersionDate "2018.10.10"]
[SourceQuality "1"]

1. Nf3 d5 2. c4 e6 3. g3 Nf6 4. b3 Be7 5. Bb2 0-0 6. Bg2 c6 7. 0-0 Nbd7 8. d3 Re8 9. Nc3 Nf8 10. e3 Ng6 11. d4 Bd6 12. Qc2 Bb4 13. Rfd1 Bxc3 14. Bxc3 Ne4 15. Bb2 f5 16. Nd2 Qe7 17. f3 Nxd2 18. Rxd2 Qg5 19. Qc3 h5 20. f4 Qh6 21. b4 Nf8 22. a4 h4 23. Qb3 hxg3 24. hxg3 Qg6 25. Kf2 Nd7 26. Rh1 Nf6 27. Bf3 a6 28. Rh4 Bd7 29. Qd3 Kf7 30. Rd1 Rh8 31. Rdh1 Rh6 32. Rxh6 gxh6 33. Qf1 Rg8 34. Rh3 Ng4+ 35. Ke2 h5 36. Qh1 Rh8 37. Bc3 Rh7 38. c5 Be8 39. Qb1 Kg8 40. Be1 Qf6 41. Bf2 Qd8 42. a5 Qf6 43. Qh1 Qg7 44. Be1 1/2-1/2

[Event "Wiesbaden op 26th"]
[Site "Wiesbaden"]
[Date "2014.08.31"]
[Round "7"]
[White "Gentner, Markus"]
[Black "Keymer, Vincent"]
[Result "0-1"]
[WhiteElo "1988"]
[BlackElo "2036"]
[PlyCount "64"]
[EventDate "2014.08.28"]
[EventType "swiss"]
[EventRounds "7"]
[EventCountry "GER"]
[SourceTitle "CBM 162 Extra"]
[Source "ChessBase"]
[SourceDate "2014.10.17"]
[SourceVersion "1"]
[SourceVersionDate "2014.10.17"]
[SourceQuality "1"]

1. Nf3 d5 2. c4 c6 3. g3 Bg4 4. Bg2 e6 5. b3 Nd7 6. Bb2 Ngf6 7. 0-0 Bd6 8. d3 0-0 9. Nbd2 Re8 10. Qc2 a5 11. a3 Rc8 12. e3 e5 13. Rfc1 Rc7 14. Bc3 b6 15. b4 axb4 16. axb4 Qe7 17. c5 bxc5 18. bxc5 Bxc5 19. Bxe5 Nxe5 20. Nxe5 Bxe3 21. Re1 Qxe5 22. fxe3 c5 23. Nf3 Qh5 24. Nd2 Be6 25. Ra4 Rec8 26. Qc3 Ng4 27. Nf3 h6 28. h3 Nxe3 29. Rxe3 d4 30. Nxd4 cxd4 31. Qxd4 Bxh3 32. g4 Rc1+ 0-1

[Event "Wiesbaden op 26th"]
[Site "Wiesbaden"]
[Date "2014.08.30"]
[Round "5"]
[White "Gentner, Markus"]
[Black "Stimpel, Franz"]
[Result "1/2-1/2"]
[WhiteElo "1988"]
[BlackElo "2124"]
[PlyCount "104"]
[EventDate "2014.08.28"]
[EventType "swiss"]
[EventRounds "7"]
[EventCountry "GER"]
[SourceTitle "CBM 162 Extra"]
[Source "ChessBase"]
[SourceDate "2014.10.17"]
[SourceVersion "1"]
[SourceVersionDate "2014.10.17"]
[SourceQuality "1"]

1. Nf3 Nf6 2. c4 g6 3. Nc3 Bg7 4. e4 d6 5. d4 0-0 6. Be2 Nbd7 7. Be3 e5 8. d5 Nc5 9. Nd2 a5 10. 0-0 Ne8 11. Nb3 b6 12. g4 f5 13. f3 Bd7 14. Kh1 Kh8 15. Nd2 Qe7 16. b3 Nf6 17. a3 Ng8 18. b4 Nb7 19. Nb3 Bh6 20. Bxh6 Nxh6 21. Qd2 Qh4 22. g5 Nf7 23. Rg1 a4 24. Nc1 f4 25. Nd3 Nxg5 26. Nd1 Nf7 27. N1f2 Qe7 28. Rac1 Kg7 29. c5 bxc5 30. bxc5 Na5 31. Bd1 Bb5 32. Nxf4 exf4 33. Qb2+ Qe5 34. Qxb5 Rfb8 35. Qd7 Qb2 36. Rc2 Qxa3 37. Ng4 Rb1 38. Kg2 Qa1 39. Nf2 Qa3 40. Qe7 Rbb8 41. Ng4 Nb3 42. Qf6+ Kg8 43. h4 Nxc5 44. Qe7 Rb2 45. Nf6+ Kg7 46. Nh5+ Kg8 47. Qf6 Rxc2+ 48. Bxc2 Kf8 49. Qg7+ Ke7 50. Qf6+ Kf8 51. Qg7+ Ke7 52. Qf6+ Kf8 1/2-1/2

[Event "Wiesbaden op 26th"]
[Site "Wiesbaden"]
[Date "2014.08.30"]
[Round "4"]
[White "Resa, Hans Farid"]
[Black "Gentner, Markus"]
[Result "0-1"]
[WhiteElo "1747"]
[BlackElo "1988"]
[PlyCount "22"]
[EventDate "2014.08.28"]
[EventType "swiss"]
[EventRounds "7"]
[EventCountry "GER"]
[SourceTitle "CBM 162 Extra"]
[Source "ChessBase"]
[SourceDate "2014.10.17"]
[SourceVersion "1"]
[SourceVersionDate "2014.10.17"]
[SourceQuality "1"]

1. e4 c6 2. d3 g6 3. g3 Bg7 4. Bg2 d6 5. f4 Qb6 6. Nc3 Nf6 7. Rb1 Ng4 8. Qd2 Bxc3 9. Qxc3 Qf2+ 10. Kd1 Qxg2 11. Qxh8+ Kd7 0-1

[Event "Wiesbaden op 26th"]
[Site "Wiesbaden"]
[Date "2014.08.29"]
[Round "2"]
[White "Gentner, Markus"]
[Black "Kiese, Matthias"]
[Result "1/2-1/2"]
[WhiteElo "1988"]
[BlackElo "2202"]
[PlyCount "40"]
[EventDate "2014.08.28"]
[EventType "swiss"]
[EventRounds "7"]
[EventCountry "GER"]
[SourceTitle "CBM 162 Extra"]
[Source "ChessBase"]
[SourceDate "2014.10.17"]
[SourceVersion "1"]
[SourceVersionDate "2014.10.17"]
[SourceQuality "1"]

1. Nf3 Nf6 2. c4 e6 3. g3 d5 4. Bg2 Be7 5. 0-0 0-0 6. b3 c5 7. Bb2 Nc6 8. d3 b6 9. Nc3 Bb7 10. cxd5 Nxd5 11. Nxd5 Qxd5 12. Ne5 Qd6 13. Nxc6 Bxc6 14. Bxc6 Qxc6 15. Rc1 Rad8 16. Rc2 Qd5 17. Qa1 Qg5 18. Rc4 Bf6 19. Bxf6 Qxf6 20. Qxf6 gxf6 1/2-1/2

[Event "Stuttgart-chA int"]
[Site "Ditzingen"]
[Date "2014.05.29"]
[Round "1"]
[White "Bodrozic, Tomislav"]
[Black "Gentner, Markus"]
[Result "1-0"]
[WhiteElo "2258"]
[BlackElo "2002"]
[PlyCount "55"]
[EventDate "2014.05.29"]
[EventType "swiss"]
[EventRounds "7"]
[EventCountry "GER"]
[SourceTitle "EXT 2015"]
[Source "ChessBase"]
[SourceDate "2014.11.20"]
[SourceVersion "1"]
[SourceVersionDate "2014.11.20"]
[SourceQuality "1"]

1. e4 c6 2. d4 d5 3. e5 c5 4. dxc5 Nc6 5. Bb5 e6 6. Be3 Bd7 7. Bxc6 Bxc6 8. Nf3 a5 9. a4 Ne7 10. c3 Nf5 11. Bd4 Nxd4 12. Qxd4 b6 13. cxb6 Rb8 14. b4 Qxb6 15. Qxb6 Rxb6 16. b5 Bd7 17. Nbd2 g6 18. Nb3 Bg7 19. Nxa5 0-0 20. 0-0 Ra8 21. Nb3 f6 22. Rfe1 fxe5 23. Nxe5 Be8 24. f4 Rc8 25. Nd4 Rxc3 26. a5 Rb8 27. b6 Bf7 28. a6 1-0

[Event "Wiesbaden op 25th"]
[Site "Wiesbaden"]
[Date "2013.08.24"]
[Round "5"]
[White "Gentner, Markus"]
[Black "Kempfer, Justus"]
[Result "1/2-1/2"]
[WhiteElo "2025"]
[BlackElo "1683"]
[PlyCount "78"]
[EventDate "2013.08.22"]
[EventType "swiss"]
[EventRounds "7"]
[EventCountry "GER"]
[SourceTitle "EXT 2014"]
[Source "ChessBase"]
[SourceDate "2013.11.20"]
[SourceVersion "1"]
[SourceVersionDate "2013.11.20"]
[SourceQuality "1"]

1. Nf3 Nf6 2. d4 g6 3. c4 Bg7 4. Nc3 0-0 5. e4 d6 6. Be2 e5 7. dxe5 dxe5 8. Qxd8 Rxd8 9. Bg5 Nbd7 10. 0-0-0 Rf8 11. Nd2 a5 12. Be3 c6 13. h4 Ne8 14. g4 Nc7 15. h5 Rd8 16. Nf3 Ne6 17. hxg6 hxg6 18. g5 Rb8 19. Rd2 Re8 20. Rhd1 Ndc5 21. b3 b6 22. Kb2 Nf4 23. Bxc5 bxc5 24. Rd6 Bb7 25. Ne1 Ne6 26. R6d3 Nxg5 27. Rg3 Ne6 28. Nd3 Ba6 29. Ka3 Nd4 30. Ne1 a4 31. Rb1 axb3 32. axb3 Re7 33. Bf1 Ra7 34. Na4 Rab7 35. Rc3 Rb4 36. Ka2 Bf8 37. Nd3 R4b7 38. Nxe5 Bg7 39. f4 Ra7 1/2-1/2

[Event "Stuttgart-chA int"]
[Site "Ditzingen"]
[Date "2013.05.10"]
[Round "3"]
[White "Loehr, Markus"]
[Black "Gentner, Markus"]
[Result "1-0"]
[WhiteElo "2235"]
[BlackElo "2028"]
[PlyCount "99"]
[EventDate "2013.05.09"]
[EventType "swiss"]
[EventRounds "7"]
[EventCountry "GER"]
[SourceTitle "EXT 2014"]
[Source "ChessBase"]
[SourceDate "2013.11.20"]
[SourceVersion "1"]
[SourceVersionDate "2013.11.20"]
[SourceQuality "1"]

1. d4 Nf6 2. c4 e6 3. g3 c5 4. d5 exd5 5. cxd5 d6 6. Nc3 g6 7. Bg2 Bg7 8. Nf3 0-0 9. 0-0 a6 10. a4 Re8 11. Bf4 Nh5 12. Bg5 f6 13. Be3 Bf8 14. Re1 Nd7 15. Rb1 Nb6 16. Qb3 Bf5 17. Ra1 Rb8 18. a5 Na8 19. Nh4 Bd7 20. Qc2 f5 21. Nf3 h6 22. Nh4 Kh7 23. Bd2 Qf6 24. f4 Nc7 25. e4 Bg7 26. Bf3 Nxf4 27. Bxf4 g5 28. Bxd6 Qxd6 29. Nxf5 Bxf5 30. exf5 Bd4+ 31. Kg2 Kh8 32. Qd2 Nb5 33. Re6 Qf8 34. Rae1 Nc7 35. Rxe8 Nxe8 36. g4 Nd6 37. Re6 Nc4 38. Qe2 Nxa5 39. Ne4 Nb3 40. Nd6 Bf6 41. Qe4 b5 42. Ne8 Nd4 43. Nxf6 Nxe6 44. Qxe6 Rd8 45. Nh5 Qd6 46. Qf7 Qf8 47. Qg6 Rd6 48. f6 c4 49. Be4 Rd7 50. Ng7 1-0